000 00669nam a2200217 i 4500
001 bgj
100 1 _aKUBRAKIEWICZ, Ilona
245 1 0 _aBingo! :
_bksiążka dla nauczyciela : część 4 : starter /
_cIlona Kubrakiewicz ; Barbara Ściborowska.
260 _aWarszawa :
_bWydawnictwo Szkolne PWN,
_c2001.
300 _a128 pp ;
_c29 cm.
505 _aIncludes set of 12 educational tables.
650 9 _aEnglish language
655 _aTextbooks for foreigners
700 1 _aŚCIBOROWSKA, Barbara.
_eco-author
020 _a8371952570
040 _cBPK
041 0 _aeng
920 _a83-7195-257-0
942 _cKS
008 s uk f |000 0 eng
999 _c48925
_d48925
856 _uhttp://koha.tu.koszalin.pl/cgi-bin/koha/opac-detail.pl?biblionumber=48925
_yKatalog online BPK